|
|
|
|
| LEADER |
00000cas a22000002a 4500 |
| 001 |
vtls001430982 |
| 003 |
SK-MaSNL |
| 005 |
20260228160459.0 |
| 008 |
020315c19809999xxuqr 0 0a0eng c |
| 035 |
|
|
|a SNK000386016
|
| 040 |
|
|
|a SNK
|b slo
|c SNK
|e AACR2
|
| 041 |
0 |
|
|a eng
|
| 043 |
|
|
|a n-us---
|
| 044 |
|
|
|a xxu
|c US
|
| 072 |
|
7 |
|a 323
|x Vnútropolitický vývoj, politický život
|2 konspekt
|
| 080 |
|
|
|a 050
|2 2001
|
| 080 |
|
|
|a (=162.4)
|2 2001
|
| 080 |
|
|
|a (73)
|2 2001
|
| 080 |
|
|
|a 323.15
|2 2011
|
| 080 |
|
|
|a 314.15-026.49(051)+(054)
|2 2011
|
| 245 |
0 |
0 |
|a Wisconsin Slovak
|
| 260 |
|
|
|a Cudahy
|b Wisconsin Slovak Historical Society
|
| 300 |
|
|
|a zv.
|c 28 cm
|
| 310 |
|
|
|a 4x ročne
|
| 362 |
0 |
|
|a [Vol. 1, no. 1 (1980)]-
|
| 500 |
|
|
|a Popis podľa: Vol. 28, no. 2 (Spring 2008)
|
| 500 |
|
|
|a Vychádzajú 4 čísla (jar-zima)
|
| 515 |
|
|
|a Niektoré roky číslované priebežne s chybami
|
| 650 |
0 |
7 |
|a Slováci v zahraničí
|2 SNKPH
|9 14695
|
| 651 |
|
7 |
|a Spojené štáty americké
|2 SNKPH
|9 18262
|
| 655 |
|
7 |
|a krajanské periodiká
|2 SNKPH
|9 110004
|
| 910 |
|
|
|a snk
|
| 916 |
|
|
|a 1980/1981-2018/2019, 2019, 2020
|
| 999 |
|
|
|c 2736
|d 4666
|
| 952 |
|
|
|t č. 1-4, neúplné
|a SNK
|b SNK
|y PREZ
|7 0
|p 17A1460774
|o snkČSB 3939/39/2019
|i snk2021/14546
|8 2
|z Chýba č. 2
|f 1
|0 0
|1 0
|4 0
|d 2021-10-05
|l 0
|r 2026-02-21 19:29:12
|w 2026-02-21
|
| 952 |
|
|
|t č. 1-4
|a SNK
|b SNK
|y PREZ
|7 0
|p 17A0870045
|o snkČSB 3939/31/2011
|i snk2014/18527
|8 2
|f 1
|0 0
|1 0
|4 0
|d 2014-09-10
|l 0
|r 2026-02-21 19:33:26
|w 2026-02-21
|
| 952 |
|
|
|t č. 1-4, neúplné
|a SNK
|b SNK
|y PREZ
|7 0
|p 17A0870046
|o snkČSB 3939/32/2012
|i snk2014/18529
|8 2
|z Chýba č. 2
|f 1
|0 0
|1 0
|4 0
|d 2014-09-10
|l 0
|r 2026-02-21 19:33:26
|w 2026-02-21
|
| 952 |
|
|
|t č. 1-4, neúplné
|a SNK
|b SNK
|y PREZ
|7 0
|p 17A0870047
|o snkČSB 3939/31/2011 D1
|i snk2014/18540
|8 2
|z Chýba č. 1,2,3
|0 0
|1 0
|4 0
|d 2014-09-10
|l 0
|r 2026-02-21 19:33:26
|w 2026-02-21
|
| 952 |
|
|
|t č. 1-4, neúplné
|a SNK
|b SNK
|y PREZ
|7 0
|p 17A1433248
|o snkČSB 3939/38/2018-2019
|i snk2021/4803
|8 2
|z Chýba č. 3
|f 1
|0 0
|1 0
|4 0
|d 2021-05-17
|l 0
|r 2026-02-21 19:59:49
|w 2026-02-21
|
| 952 |
|
|
|t č. 1-4
|a SNK
|b SNK
|y PREZ
|7 0
|p 17A1462742
|o snkČSB 3939/40/2020
|i snk2022/6238
|8 2
|f 1
|0 0
|1 0
|4 0
|d 2022-04-27
|l 0
|r 2026-02-21 20:10:21
|w 2026-02-21
|
| 952 |
|
|
|t č. 1-4
|a SNK
|b SNK
|y PREZ
|7 0
|p 17A1097875
|o snkČSB 3939/33/2013
|i snk2016/3007
|8 2
|f 1
|0 0
|1 0
|4 0
|d 2016-02-05
|l 0
|r 2026-02-21 20:41:41
|w 2026-02-21
|
| 952 |
|
|
|t č. 1-4, neúplné
|a SNK
|b SNK
|y PREZ
|7 0
|p 17A0240229
|o snkČSB 3939/1991-1996 D1
|i snk2014/19066
|8 2
|0 0
|1 0
|4 0
|d 2002-03-15
|l 0
|r 2005-01-02 00:00:00
|w 2026-02-21
|
| 952 |
|
|
|t č. 1-4
|a SNK
|b SNK
|y PREZ
|7 0
|p 17A0856588
|o snkČSB 3939/1/1980-1981
|i snkČV 1902/91
|8 2
|f 1
|0 0
|1 0
|4 0
|d 2018-03-06
|l 0
|r 2026-02-21 21:49:39
|w 2026-02-21
|
| 952 |
|
|
|t č. 1-5
|a SNK
|b SNK
|y PREZ
|7 0
|p 17A1030004
|o snkČSB 3939/2/1981-1982
|i snkČV 1903/91
|8 2
|f 1
|3 Číslo 1/1981 a č. 5/1982 sú volne vložené
|0 0
|1 0
|4 0
|d 2018-03-06
|l 0
|r 2026-02-21 21:49:39
|w 2026-02-21
|
| 952 |
|
|
|t len č. 1
|a SNK
|b SNK
|y PREZ
|7 0
|p 17A1268268
|o snkČSB 3939/14/1993
|i snk2018/5599
|8 2
|f 1
|0 0
|1 0
|4 0
|d 2018-03-06
|l 0
|r 2026-02-21 21:49:39
|w 2026-02-21
|
| 952 |
|
|
|t č. 1-4, neúplné
|a SNK
|b SNK
|y PREZ
|7 0
|p 17A1205814
|o snkČSB 3939/34/2014
|i snk2017/7884
|8 2
|z Chýba č. 4
|f 1
|0 0
|1 0
|4 0
|d 2017-03-30
|l 0
|r 2026-02-21 21:54:05
|w 2026-02-21
|
| 952 |
|
|
|t č. 1-4
|a SNK
|b SNK
|y PREZ
|7 0
|p 17A1388441
|o snkČSB 3939/37/2017-2018
|i snk2020/10179
|8 2
|f 1
|0 0
|1 0
|4 0
|d 2020-06-11
|l 0
|r 2026-02-21 22:01:27
|w 2026-02-21
|
| 952 |
|
|
|t č. 1-4
|a SNK
|b SNK
|y PREZ
|7 0
|p 17A0719326
|o snkČSB 3939/23/2001
|i snk2018/1548
|8 2
|f 1
|0 0
|1 0
|4 0
|d 2018-01-19
|l 0
|r 2026-02-21 22:26:03
|w 2026-02-21
|
| 952 |
|
|
|t č. 1-4
|a SNK
|b SNK
|y PREZ
|7 0
|p 17A1267044
|o snkČSB 3939/24/2002
|i snk2018/1549
|8 2
|f 1
|0 0
|1 0
|4 0
|d 2018-01-19
|l 0
|r 2026-02-21 22:26:03
|w 2026-02-21
|
| 952 |
|
|
|t č. jar-zima
|a SNK
|b SNK
|y PREZ
|7 0
|p 17A1267045
|o snkČSB 3939/24/2003
|i snk2018/1553
|8 2
|z Čísla sú priebežne číslované: č. 5-8
|f 1
|0 0
|1 0
|4 0
|d 2018-01-19
|l 0
|r 2026-02-21 22:26:03
|w 2026-02-21
|
| 952 |
|
|
|t č. jar-zima, neúplné
|a SNK
|b SNK
|y PREZ
|7 0
|p 17A1267046
|o snkČSB 3939/24/2004
|i snk2018/1558
|8 2
|z Chýba č. jar (spring, č.9),zima (winter, pravdepodobne č.12); čísla sú priebežne číslované: č. 9-12
|f 1
|0 0
|1 0
|4 0
|d 2018-01-19
|l 0
|r 2026-02-21 22:26:03
|w 2026-02-21
|
| 952 |
|
|
|t č. jar-zima + mim. č., neúplné
|a SNK
|b SNK
|y PREZ
|7 0
|p 17A1267047
|o snkČSB 3939/25/2005
|i snk2018/1586
|8 2
|z Chýba č. jar (spring), jeseň (autumn); obsahuje mim. č. : vianoce (christmas)
|f 1
|0 0
|1 0
|4 0
|d 2018-01-19
|l 0
|r 2026-02-21 22:26:03
|w 2026-02-21
|
| 952 |
|
|
|t č. jar-zima, neúplné
|a SNK
|b SNK
|y PREZ
|7 0
|p 17A1267048
|o snkČSB 3939/[26]/2006
|i snk2018/1596
|8 2
|z Chýba č. zima (winter); jar, leto má označenie roč. 25
|f 1
|0 0
|1 0
|4 0
|d 2018-01-19
|l 0
|r 2026-02-21 22:26:08
|w 2026-02-21
|
| 952 |
|
|
|t č. jar-zima + mim. č. + 2 obr. p
|a SNK
|b SNK
|y PREZ
|7 0
|p 17A1267049
|o snkČSB 3939/[27]/2007
|i snk2018/1604
|8 2
|z Chýba č. jeseň (autumn), zima (winter); mim. č.: Immigrant Issue;
|f 1
|0 0
|1 0
|4 0
|d 2018-01-19
|l 0
|r 2026-02-21 22:26:08
|w 2026-02-21
|
| 952 |
|
|
|t č. jar-zima, neúplné
|a SNK
|b SNK
|y PREZ
|7 0
|p 17A1267050
|o snkČSB 3939/28/2008
|i snk2018/1609
|8 2
|z Chýba č. leto (summer), jeseň (autumn)
|f 1
|0 0
|1 0
|4 0
|d 2018-01-19
|l 0
|r 2026-02-21 22:26:08
|w 2026-02-21
|
| 952 |
|
|
|t č. jar-zima
|a SNK
|b SNK
|y PREZ
|7 0
|p 17A1267051
|o snkČSB 3939/29/2009
|i snk2018/1612
|8 2
|f 1
|0 0
|1 0
|4 0
|d 2018-01-19
|l 0
|r 2026-02-21 22:26:08
|w 2026-02-21
|
| 952 |
|
|
|t č. jar-zima, neúplné
|a SNK
|b SNK
|y PREZ
|7 0
|p 17A1267052
|o snkČSB 3939/30/2010
|i snk2018/1630
|8 2
|z Chýba č. jar- jeseň (spring-autumn)
|f 1
|0 0
|1 0
|4 0
|d 2018-01-19
|l 0
|r 2026-02-21 22:26:08
|w 2026-02-21
|
| 952 |
|
|
|t č. 1-4
|a SNK
|b SNK
|y PREZ
|7 0
|p 17A1267055
|o snkČSB 3939/35/2015
|i snk2018/2435
|8 2
|f 1
|0 0
|1 0
|4 0
|d 2018-01-29
|l 0
|r 2026-02-21 22:26:10
|w 2026-02-21
|
| 952 |
|
|
|t č. 1-4
|a SNK
|b SNK
|y PREZ
|7 0
|p 17A1267056
|o snkČSB 3939/36/2016-2017
|i snk2018/2438
|8 2
|f 1
|0 0
|1 0
|4 0
|d 2018-01-29
|l 0
|r 2026-02-21 22:26:10
|w 2026-02-21
|
| 952 |
|
|
|t č. 1-4
|a SNK
|b SNK
|y PREZ
|7 0
|p 17A1030001
|o snkČSB 3939/3/1982-1983
|i snkČV 1904/91
|8 2
|f 1
|0 0
|1 0
|4 0
|d 2018-01-25
|l 0
|r 2026-02-21 22:26:11
|w 2026-02-21
|
| 952 |
|
|
|t č. 1-5
|a SNK
|b SNK
|y PREZ
|7 0
|p 17A1030000
|o snkČSB 3939/5/1984-1985
|i snkČV 1906/91
|8 2
|f 1
|0 0
|1 0
|4 0
|d 2018-01-25
|l 0
|r 2026-02-21 22:26:11
|w 2026-02-21
|
| 952 |
|
|
|t č. 1-5, neúplné
|a SNK
|b SNK
|y PREZ
|7 0
|p 17A1029999
|o snkČSB 3939/6/1985-1986
|i snkČV 1907/91
|8 2
|z Chýba č. 4
|f 1
|0 0
|1 0
|4 0
|d 2018-01-25
|l 0
|r 2026-02-21 22:26:11
|w 2026-02-21
|
| 952 |
|
|
|t č. 1-4
|a SNK
|b SNK
|y PREZ
|7 0
|p 17A1030002
|o snkČSB 3939/7/1986-1987
|i snkČV 1908/91
|8 2
|f 1
|0 0
|1 0
|4 0
|d 2018-01-25
|l 0
|r 2026-02-21 22:26:11
|w 2026-02-21
|
| 952 |
|
|
|t č. 1-4 + vianoce
|a SNK
|b SNK
|y PREZ
|7 0
|p 17A0925114
|o snkČSB 3939/21/1999
|i snkČV 2226/2001
|8 2
|z Obsahuje 5 čísel: č.1-4 + vianoce; jeseň a vianoce zhodne označené ako č. 4
|f 1
|3 Obsahuje 5 čisel: č. 1-4 + vianoce (christmas). Číslo vianoce je volne vložené
|0 0
|1 0
|4 0
|d 2018-01-25
|l 0
|r 2026-02-21 22:26:11
|w 2026-02-21
|
| 952 |
|
|
|t č. 1-4
|a SNK
|b SNK
|y PREZ
|7 0
|p 17A0925116
|o snkČSB 3939/22/2000
|i snkČV 2228/2001
|8 2
|f 1
|0 0
|1 0
|4 0
|d 2018-01-25
|l 0
|r 2026-02-21 22:26:11
|w 2026-02-21
|
| 952 |
|
|
|t č. 1-4 + júl
|a SNK
|b SNK
|y PREZ
|7 0
|p 17A1030003
|o snkČSB 3939/4/1983-1984
|i snkČV 1905/91
|8 2
|z Číslo z júla a jesene zhodne označené ako č. 2
|f 1
|0 0
|1 0
|4 0
|d 2018-01-25
|l 0
|r 2026-02-21 22:26:11
|w 2026-02-21
|
| 952 |
|
|
|t č. 1-5
|a SNK
|b SNK
|y PREZ
|7 0
|p 17A1030006
|o snkČSB 3939/8/1987-1988
|i snkČV 1909/91
|8 2
|z Číslo z jesene a zimy zhodne označené ako č. 2
|f 1
|0 0
|1 0
|4 0
|d 2018-01-25
|l 0
|r 2026-02-21 22:26:11
|w 2026-02-21
|
| 952 |
|
|
|t č. 1-4, neúplné
|a SNK
|b SNK
|y PREZ
|7 0
|p 17A0925112
|o snkČSB 3939/13/1992-1993
|i snkČV 583/95
|8 2
|z Chýba č. 4
|f 1
|0 0
|1 0
|4 0
|d 2018-01-25
|l 0
|r 2026-02-21 22:26:11
|w 2026-02-21
|
| 952 |
|
|
|t č. 1-4 + leto
|a SNK
|b SNK
|y PREZ
|7 0
|p 17A0925111
|o snkČSB 3939/15/1994
|i snkČV 789/98
|8 2
|z Číslo z jari a leta zhodne označené ako č. 2
|f 1
|0 0
|1 0
|4 0
|d 2018-01-25
|l 0
|r 2026-02-21 22:26:11
|w 2026-02-21
|
| 952 |
|
|
|t č. 1-4
|a SNK
|b SNK
|y PREZ
|7 0
|p 17A0925110
|o snkČSB 3939/16/1995-1996
|i snkČV 788/98
|8 2
|z Chybné číslovanie: jar,leto,jeseň zhodne označené ako č. 1
|f 1
|0 0
|1 0
|4 0
|d 2018-01-25
|l 0
|r 2026-02-21 22:26:11
|w 2026-02-21
|
| 952 |
|
|
|t č. jar-zima, neúplné
|a SNK
|b SNK
|y PREZ
|7 0
|p 17A0925108
|o snkČSB 3939/18/1997
|i snkČV 2046/99
|8 2
|z Chýba č. zima(winter, č.8); čísla sú priebežne číslované : č. 5-8
|f 1
|0 0
|1 0
|4 0
|d 2018-01-25
|l 0
|r 2026-02-21 22:26:11
|w 2026-02-21
|
| 952 |
|
|
|t č. 1-4, neúplné
|a SNK
|b SNK
|y PREZ
|7 0
|p 17A1267053
|o snkČSB 3939/7/1986-1987 D1
|i snkV 2716/93
|8 2
|z Chýba č. 1,3,4
|0 0
|1 0
|4 0
|d 2018-01-25
|l 0
|r 2026-02-21 22:26:12
|w 2026-02-21
|
| 952 |
|
|
|t č. 1-4
|a SNK
|b SNK
|y PREZ
|7 0
|p 17A1030043
|o snkČSB 3939/9/1988-1989
|i snkČV 1910/91
|8 2
|f 1
|0 0
|1 0
|4 0
|d 2018-01-25
|l 0
|r 2026-02-21 22:26:15
|w 2026-02-21
|
| 952 |
|
|
|t č. 1-4
|a SNK
|b SNK
|y PREZ
|7 0
|p 17A1030044
|o snkČSB 3939/10/1989-1990
|i snkČV 4430/93
|8 2
|f 1
|0 0
|1 0
|4 0
|d 2018-01-25
|l 0
|r 2026-02-21 22:26:15
|w 2026-02-21
|
| 952 |
|
|
|t č. 1-4, neúplné
|a SNK
|b SNK
|y PREZ
|7 0
|p 17A1030042
|o snkČSB 3939/11/1990-1991
|i snkČV 4252/93
|8 2
|z Chýba č. 2
|f 1
|0 0
|1 0
|4 0
|d 2018-01-25
|l 0
|r 2026-02-21 22:26:15
|w 2026-02-21
|
| 952 |
|
|
|t č. 1-4
|a SNK
|b SNK
|y PREZ
|7 0
|p 17A0925113
|o snkČSB 3939/12/1991-1992
|i snkČV 2603/94
|8 2
|f 1
|0 0
|1 0
|4 0
|d 2018-01-25
|l 0
|r 2026-02-21 22:26:15
|w 2026-02-21
|
| 952 |
|
|
|t č. 1-4
|a SNK
|b SNK
|y PREZ
|7 0
|p 17A0925109
|o snkČSB 3939/17/1996-1997
|i snkČV 787/98
|8 2
|f 1
|0 0
|1 0
|4 0
|d 2018-01-25
|l 0
|r 2026-02-21 22:26:15
|w 2026-02-21
|
| 952 |
|
|
|t č. 1-4
|a SNK
|b SNK
|y PREZ
|7 0
|p 17A0925117
|o snkČSB 3939/20/1998
|i snkČV 2047/99
|8 2
|f 1
|0 0
|1 0
|4 0
|d 2018-01-25
|l 0
|r 2026-02-21 22:26:15
|w 2026-02-21
|
| 952 |
|
|
|t č. 1-4, neúplné
|a SNK
|b SNK
|y PREZ
|7 0
|p 17A1267054
|o snkČSB 3939/20/1998 D1
|i snkČV 2225/2001
|8 2
|z Chýba č. 1-3
|0 0
|1 0
|4 0
|d 2018-01-26
|l 0
|r 2026-02-21 22:26:18
|w 2026-02-21
|
| 952 |
|
|
|t 1
|a SNK
|b SNK
|y NEVYP
|7 1
|p 17A1559381
|o snkČSB 3939/2022
|i snk2026/4546
|h č. 1-4, neúplné
|8 2
|z Chýba č. 4
|0 0
|1 0
|2 udc
|4 0
|d 2026-03-27
|l 0
|r 2026-03-27 11:49:22
|w 2026-03-27
|
| 952 |
|
|
|t 1
|a SNK
|b SNK
|y NEVYP
|7 1
|p 17A1559382
|o snkČSB 3939/2023
|i snk2026/4549
|h č. 1-4
|8 2
|0 0
|1 0
|2 udc
|4 0
|d 2026-03-27
|l 0
|r 2026-03-27 11:56:26
|w 2026-03-27
|
| 952 |
|
|
|t 1
|a SNK
|b SNK
|y NEVYP
|7 1
|p 17A1559383
|o snkČSB 3939/2024
|i snk2026/4552
|h č. 1-4
|8 2
|0 0
|1 0
|2 udc
|4 0
|d 2026-03-27
|l 0
|r 2026-03-27 11:59:59
|w 2026-03-27
|